| 000 | 00960cad a22002055a 4500 | ||
|---|---|---|---|
| 001 | L153359 | ||
| 008 | 110715s2011 xxk f 000 0 eng d | ||
| 035 | _a(Sirsi) u153359 | ||
| 041 | 0 | _aeng | |
| 110 | 2 |
_aUnited Kingdom _bMinistry of Justice _95477 |
|
| 245 | 0 | 0 |
_aOptions for dealing with squatters _bconsultation _h[electronic resource] |
| 260 |
_aLondon _bMoJ _c2011 |
||
| 520 | _aConsultation on whether existing criminal and civil measures for dealing with squatting in occupied buildings need to be revised in order to provide better protection for property owners. Squatting is viewed as a form of trespass. For summary of responses see L154207. | ||
| 520 | _aConsultation closes 5 October 2011. | ||
| 590 | _aKA NTK | ||
| 651 | 4 |
_aEngland and Wales _y1543- |
|
| 690 | _aPROPERTY | ||
| 856 | 4 | 0 |
_uhttps://www.justice.gov.uk/downloads/consultations/options-dealing-with-squatting.pdf _zView the item free of charge at www.justice.gov.uk |
| 942 | _n0 | ||
| 999 |
_c112483 _d112483 |
||